Tests objectius per al segon ensenyament : assajats a l'Escola Blanquerna de la Generalitat de Catalunya, curs 1936-37 assajats a l'Escola Blanquerna de la Generalitat de Catalunya, curs 1936-37
Descripción Física:
72 p. : il. ; 23 cm
MARC
| LEADER | 00000nam a2200000Ia 4500 | ||
|---|---|---|---|
| 001 | 9437 | ||
| 003 | BGR | ||
| 005 | 20260324175613.0 | ||
| 008 | 160829s9999 xx 000 0 cat d | ||
| 080 | |a E-1-84 | ||
| 245 | |a Tests objectius per al segon ensenyament : |b assajats a l'Escola Blanquerna de la Generalitat de Catalunya, curs 1936-37 | ||
| 260 | |a Barcelona : |b [Generalitat de Catalunya, Departament de Cultura], [1937?] | ||
| 300 | |a 72 p. : |b il. ; |c 23 cm | ||
| 590 | |a Després del títol, Publicació de Butlletí dels Mestres. | ||
| 650 | |a Ensenyament secundari |x Catalunya |x Exàmens, preguntes, etc. |9 34866 | ||
| 710 | 2 | |a Catalunya. |b Departament de Cultura |9 52819 | |
| 710 | 2 | |a Escola Blanquerna |9 70769 | |
| 901 | |a Arxiu | ||
| 942 | |n 1 |2 udc |c MON | ||
| 952 | |0 0 |1 0 |4 0 |6 E184 |7 1 |9 46669 |a Arxiu |b Arxiu |d 2016-12-01 |l 0 |o E-1-84 |p 9437 |r 2016-12-01 00:00:00 |w 2016-12-01 |y ARXIU | ||
| 999 | |c 50462 |d 50462 | ||